| 000 | 00901nam a22003017a 4500 | ||
|---|---|---|---|
| 001 | 10149 | ||
| 003 | FISKH | ||
| 005 | 20260428084421.0 | ||
| 008 | 260428b cb ||||| |||| 00| 0 eng d | ||
| 020 | _a9780462004556 | ||
| 040 |
_aFISKH _beng _cFISKH _dFISKH |
||
| 050 | _aPZ7 | ||
| 082 | _a823.92 | ||
| 100 |
_aWhitehorn, Caleb _eAuthor |
||
| 245 |
_aThe Olympians / _cWritten by Caleb Whitehorn ; Illustrated by Dougal Borman |
||
| 250 | _aFirst published 2008 | ||
| 260 |
_aLondon : _bMarshall Cavendish Limited , _c2008 |
||
| 300 |
_a16 pages : _bcolor illustrations ; _c16 X 19 cm |
||
| 490 |
_aMy Pals Are Here ! Reading Stars : _v2a |
||
| 505 | _aG | ||
| 520 | _aI can run. Can you? | ||
| 521 | 8 |
_a350
_bLexile estimate |
|
| 521 | 8 |
_aG
_bRaz-Plus |
|
| 650 |
_aSport _vQuestion mark |
||
| 700 |
_aBorman, Dougal _eIllustrator |
||
| 942 |
_2ddc _cBK _n0 |
||
| 999 |
_c10149 _d10149 |
||